[Event "Santo Domingo AES Cup 2nd"]
[White "Orizondo, Hugo"]
[Black "Arvelo Leo, Gian Carlo"]
[Site "Santo Domingo"]
[Round "4"]
[Result "1-0"]
[Date "2012.12.03"]
[WhiteElo "2114"]
[BlackElo "2076"]
[PlyCount "103"]
[EventDate "2012.12.01"]
[EventType "swiss"]
[EventRounds "9"]
[EventCountry "DOM"]
[SourceTitle "CBM 151 Extra"]
[Source "ChessBase"]
[SourceDate "2012.12.18"]
[SourceVersion "1"]
[SourceVersionDate "2012.12.18"]
[SourceQuality "1"]

1. d4 Nf6 2. c4 g6 3. Nf3 Bg7 4. Bf4 0-0 5. h3 d5 6. e3 c5 7. dxc5 Qa5+ 8. Qd2 Qxc5 9. Be2 Nc6 10. 0-0 dxc4 11. Qc1 Bf5 12. Bxc4 Qb6 13. Nbd2 Rac8 14. g4 Bd7 15. Qd1 Na5 16. b3 Rfd8 17. Qe2 Nxc4 18. Nxc4 Qa6 19. Rad1 h5 20. Nfe5 Be6 21. e4 hxg4 22. hxg4 b5 23. Nd2 Qb7 24. f3 Rc2 25. Nd3 Rxa2 26. Nc5 Qb6 27. Be3 Bc8 28. b4 Qb8 29. Qh2 Qxh2+ 30. Kxh2 Bxg4 31. Kg3 Bc8 32. f4 Nh5+ 33. Kf3 Kf8 34. e5 Bf5 35. Nde4 Rc8 36. Ra1 Rxa1 37. Rxa1 Rc7 38. Ra5 Bh6 39. Rxb5 Kg7 40. Nc3 e6 41. Ne2 Kh7 42. Rb8 Bh3 43. Nc3 Bf1 44. N3e4 Kg7 45. Nd6 Re7 46. Ne8+ Kh7 47. Ne4 Bf8 48. Bc5 Bc4 49. N8f6+ Kg7 50. Bxe7 Bxe7 51. Rg8+ Kh6 52. Rc8 1-0

[Event "Santo Domingo AES Cup 2nd"]
[White "Orizondo, Hugo"]
[Black "Subervi Nunez, Jonathan Sigfredo"]
[Site "Santo Domingo"]
[Round "2"]
[Result "0-1"]
[Date "2012.12.02"]
[WhiteElo "2114"]
[BlackElo "2204"]
[PlyCount "152"]
[EventDate "2012.12.01"]
[EventType "swiss"]
[EventRounds "9"]
[EventCountry "DOM"]
[SourceTitle "CBM 151 Extra"]
[Source "ChessBase"]
[SourceDate "2012.12.18"]
[SourceVersion "1"]
[SourceVersionDate "2012.12.18"]
[SourceQuality "1"]

1. d4 d6 2. Nf3 f5 3. g3 Nf6 4. Bg2 g6 5. 0-0 Bg7 6. c4 0-0 7. Nc3 Na6 8. Rb1 c5 9. d5 Nc7 10. b3 Rb8 11. Bb2 a6 12. Ba1 b5 13. cxb5 Nxb5 14. Nxb5 Rxb5 15. Nd2 Bb7 16. Nc4 Nd7 17. Bxg7 Kxg7 18. Qd2 Nf6 19. Rfd1 a5 20. Qc3 Kg8 21. Rb2 Qa8 22. Rbd2 a4 23. Bf3 Rb4 24. Ne3 axb3 25. axb3 Ba6 26. Ng2 Rfb8 27. Qe3 Ne4 28. Bxe4 Rxe4 29. Qc3 Bc8 30. Nf4 Qb7 31. Rb2 Qb4 32. Rd3 Qxc3 33. Rxc3 Reb4 34. Nd3 R4b6 35. Nf4 Kf7 36. h4 Rb4 37. Kg2 c4 38. e3 Bd7 39. Ne2 Rxb3 40. Rbc2 Rxc3 41. Rxc3 Rc8 42. Nd4 Kf6 43. f4 Be8 44. Kf3 Bf7 45. e4 fxe4+ 46. Kxe4 Rc5 47. g4 Bxd5+ 48. Ke3 e5 49. g5+ Ke7 50. fxe5 dxe5 51. Ne2 Rb5 52. Rc2 Rb8 53. Nc3 Be6 54. Rc1 Rd8 55. Ke4 Rd4+ 56. Kxe5 Rxh4 57. Ra1 Bf7 58. Ra7+ Kf8 59. Ne4 Rh3 60. Rc7 Rf3 61. Rc8+ Kg7 62. Rc7 Rf5+ 63. Kd4 h6 64. gxh6+ Kxh6 65. Ke3 Bd5 66. Nd6 Rf1 67. Kd4 Bg8 68. Ke5 Rd1 69. Ne4 Rd5+ 70. Kf4 g5+ 71. Ke3 Rd3+ 72. Ke2 Bd5 73. Nf2 Bf3+ 74. Ke1 Rd4 75. Rc8 g4 76. Rc5 g3 0-1

[Event "US Masters op"]
[White "Andrews, Todd D"]
[Black "Orizondo, Hugo"]
[Site "Hendersonville"]
[Round "4"]
[Result "0-1"]
[Date "2007.03.15"]
[WhiteElo "2366"]
[BlackElo "2153"]
[PlyCount "162"]
[EventDate "2007.03.10"]
[EventType "swiss"]
[EventRounds "9"]
[EventCountry "USA"]
[SourceTitle "EXT 2011"]
[Source "ChessBase"]
[SourceDate "2010.11.26"]
[SourceVersion "1"]
[SourceVersionDate "2010.11.26"]
[SourceQuality "1"]

1. e4 e5 2. Nf3 Nc6 3. Bb5 a6 4. Ba4 Nf6 5. 0-0 Be7 6. d4 exd4 7. e5 Ne4 8. Re1 Nc5 9. Bxc6 dxc6 10. Qxd4 Bf5 11. Qc3 Qd5 12. Be3 0-0-0 13. Nbd2 Na4 14. Qb3 Qxb3 15. axb3 Nc5 16. Nd4 Bg6 17. f4 Ne6 18. c3 Nxd4 19. Bxd4 c5 20. Be3 Bf5 21. Kf2 Be6 22. c4 Rd3 23. Ra3 Bf5 24. Nb1 Be4 25. Nc3 Bc6 26. Ke2 Rd7 27. g3 g6 28. Raa1 h5 29. Rad1 Rhd8 30. Rxd7 Rxd7 31. Rd1 Rxd1 32. Kxd1 b6 33. Nd5 Bd8 34. Ke2 Bd7 35. Bd2 Be6 36. Kf3 c6 37. Ne3 f6 38. Bc3 fxe5 39. Bxe5 Kd7 40. Kg2 b5 41. h3 Ba5 42. g4 Bd2 43. Nf1 Be1 44. f5 gxf5 45. gxh5 bxc4 46. h6 Bd5+ 47. Kg1 Bg8 48. bxc4 Ke6 49. Bf4 Bh4 50. Kg2 Kf6 51. b3 Bg5 52. Kf3 Kg6 53. Ne3 Bf6 54. Ng2 a5 55. Be3 a4 56. bxa4 Bxc4 57. Nf4+ Kh7 58. Bxc5 Kxh6 59. Ne2 Be5 60. a5 Kg5 61. Be7+ Kg6 62. Ke3 Kf7 63. Bc5 Ke6 64. h4 Kd5 65. Bb6 c5 66. h5 f4+ 67. Kf3 Bd3 68. h6 Be4+ 69. Kg4 f3 70. Ng3 f2 71. Nf1 Bd3 72. Ne3+ Kc6 73. Kf3 f1Q+ 74. Nxf1 Bxf1 75. Ke4 Bh8 76. Bd8 c4 77. Be7 Bd3+ 78. Ke3 Bh7 79. Bf8 Bc3 80. a6 Kb6 81. a7 Kxa7 0-1